Pertapaan dan taman literator : kajian tentang puisi alam semulajadi Su Shunqin /
Saved in:
| Main Author: | |
|---|---|
| Format: | Thesis Book |
| Language: | Malay |
| Published: |
2010.
|
| Subjects: | |
| Tags: |
Add Tag
No Tags, Be the first to tag this record!
|
| LEADER | 00980cam a2200253 a 4500 | ||
|---|---|---|---|
| 001 | u798036 | ||
| 003 | SIRSI | ||
| 005 | 201010150821 | ||
| 008 | 101015s2010 my a t 000 0 may m | ||
| 040 | |a UMM | ||
| 090 | |a DS703.4 |b UM 2010 Yap | ||
| 100 | 1 | |a Yap, Huan Lin. | |
| 245 | 1 | 0 | |a Pertapaan dan taman literator : |b kajian tentang puisi alam semulajadi Su Shunqin / |c Yap Huan Lin. |
| 260 | |c 2010. | ||
| 300 | |a vii, 152 leaves : |b ill. ; |c 30 cm. | ||
| 502 | |a Dissertation (M.A.) -- Jabatan Pengajian Tionghua, Fakulti Sastera dan Sains Sosial, Universiti Malaya, 2010. | ||
| 504 | |a Bibliography: leaves 140-152. | ||
| 600 | 1 | 0 | |a Su, Shunqin, |d 1008-1048 |x Criticism and interpretation. |
| 650 | 0 | |a Chinese poetry |x History and criticism. | |
| 650 | 0 | |a Nature in literature. | |
| 710 | 2 | |a Universiti Malaya. |b Jabatan Pengajian Tionghoa. | |
| 900 | |a SJMK | ||
| 596 | |a 1 | ||
| 999 | |a DS703.4 UM 2010 YAP |w LC |c 1 |i A514475827 |d 10/1/2011 |f 10/1/2011 |g 1 |l STACKS |m P01UTAMA |r Y |s Y |t TESIS |u 7/1/2011 | ||
